[Event "Itzehoe op"]
[Site "Itzehoe"]
[Date "2025.05.30"]
[Round "3"]
[White "Keyser, Philipp"]
[Black "Rothe, Justin"]
[Result "1-0"]
[WhiteElo "2012"]
[BlackElo "1701"]
[PlyCount "73"]
[EventDate "2025.05.29"]
[EventType "swiss"]
[EventRounds "7"]
[EventCountry "GER"]
[SourceTitle "CB23_2025"]
[SourceDate "2025.06.04"]
[SourceVersion "1"]
[SourceVersionDate "2025.06.04"]
[SourceQuality "1"]

1. e4 c6 2. Nc3 d5 3. Qf3 d4 4. Bc4 Nf6 5. Nce2 e5 6. d3 Be7 7. Qg3 Ng4 8. Nf3 h5 9. h4 b5 10. Bb3 Nd7 11. Ng5 0-0 12. 0-0 Nc5 13. Bxf7+ Rxf7 14. Nxf7 Kxf7 15. f4 Bxh4 16. fxe5+ Kg8 17. Qf3 Qe7 18. g3 Qxe5 19. Qf7+ Kh7 20. Bf4 Be6 21. Bxe5 Bxf7 22. Bxd4 Ne6 23. gxh4 Nxd4 24. Nxd4 Ne5 25. Nxc6 Nxc6 26. Rxf7 Nd4 27. c3 Nc2 28. Raf1 Rd8 29. d4 b4 30. Rxa7 bxc3 31. bxc3 Rc8 32. Rf3 Rb8 33. Rg3 Rb1+ 34. Kh2 Rb2 35. Raxg7+ Kh8 36. Rg2 Rxa2 37. R7g5 1-0

[Event "Oberliga Nord N 2223"]
[Site "Germany"]
[Date "2023.04.23"]
[Round "8.7"]
[White "Keyser, Philipp"]
[Black "Lampe, Dirk"]
[Result "1/2-1/2"]
[WhiteElo "2056"]
[BlackElo "2134"]
[PlyCount "38"]
[EventDate "2022.10.23"]
[EventType "team-tourn"]
[EventRounds "9"]
[EventCountry "GER"]
[SourceTitle "EXT 2025"]
[Source "ChessBase"]
[SourceDate "2024.10.14"]
[SourceVersion "1"]
[SourceVersionDate "2024.10.14"]
[SourceQuality "1"]
[WhiteTeam "Johanneum Eppendorf"]
[BlackTeam "Luebeck"]
[WhiteTeamCountry "GER"]
[BlackTeamCountry "GER"]

1. e4 c5 2. Nf3 Nc6 3. Bb5 g6 4. 0-0 Bg7 5. Re1 Nf6 6. e5 Nd5 7. Nc3 Nc7 8. Bxc6 dxc6 9. Ne4 b6 10. d3 0-0 11. b3 Bg4 12. Bb2 Ne6 13. Ned2 Qd5 14. h3 Bxf3 15. Nxf3 a5 16. a4 Rad8 17. Re4 Rfe8 18. Qe1 Qd7 19. Rd1 Qc7 1/2-1/2

[Event "Oberliga Nord N 2223"]
[Site "Germany"]
[Date "2023.01.15"]
[Round "4.8"]
[White "Hausherr, Oliver"]
[Black "Keyser, Philipp"]
[Result "1/2-1/2"]
[WhiteElo "1894"]
[BlackElo "2064"]
[PlyCount "59"]
[EventDate "2022.10.23"]
[EventType "team-tourn"]
[EventRounds "9"]
[EventCountry "GER"]
[SourceTitle "EXT 2025"]
[Source "ChessBase"]
[SourceDate "2024.10.14"]
[SourceVersion "1"]
[SourceVersionDate "2024.10.14"]
[SourceQuality "1"]
[WhiteTeam "Bad Schwartau"]
[BlackTeam "Johanneum Eppendorf"]
[WhiteTeamCountry "GER"]
[BlackTeamCountry "GER"]

1. e4 c5 2. Nf3 d6 3. d4 cxd4 4. Nxd4 Nf6 5. Nc3 a6 6. Bg5 e6 7. Qd2 Be7 8. 0-0-0 b5 9. f3 Bb7 10. h4 Nbd7 11. g3 Nb6 12. Bh3 Nc4 13. Qe2 h6 14. Bxe6 hxg5 15. hxg5 Rxh1 16. Rxh1 Ng8 17. Rh8 Kf8 18. g6 Ne5 19. Bxf7 Nxg6 20. Bxg6 Bg5+ 21. f4 Qf6 22. Qh5 Qxd4 23. Qxg5 Qe3+ 24. Kd1 Qg1+ 25. Kd2 Qd4+ 26. Kc1 Qe3+ 27. Kd1 Qg1+ 28. Ke2 Qg2+ 29. Ke1 Qg1+ 30. Kd2 1/2-1/2

[Event "Oberliga Nord N 2223"]
[Site "Germany"]
[Date "2022.10.23"]
[Round "1.8"]
[White "Keyser, Philipp"]
[Black "Schwarzat, Julian"]
[Result "1/2-1/2"]
[WhiteElo "2039"]
[BlackElo "2131"]
[PlyCount "67"]
[EventDate "2022.10.23"]
[EventType "team-tourn"]
[EventRounds "9"]
[EventCountry "GER"]
[SourceTitle "EXT 2025"]
[Source "ChessBase"]
[SourceDate "2024.10.14"]
[SourceVersion "1"]
[SourceVersionDate "2024.10.14"]
[SourceQuality "1"]
[WhiteTeam "Johanneum Eppendorf"]
[BlackTeam "Preetz"]
[WhiteTeamCountry "GER"]
[BlackTeamCountry "GER"]

1. e4 e6 2. d4 d5 3. Nd2 Be7 4. Ngf3 Nf6 5. e5 Nfd7 6. c3 c5 7. Bd3 Nc6 8. Nf1 Qb6 9. dxc5 Bxc5 10. Qe2 f6 11. exf6 Nxf6 12. Ng3 0-0 13. 0-0 e5 14. Nxe5 Re8 15. b4 Nxe5 16. bxc5 Qxc5 17. Bb5 Bg4 18. Qb2 Bd7 19. Bxd7 Nfxd7 20. Be3 Qc6 21. Bd4 Nc4 22. Qc2 Nc5 23. Nf5 Ne6 24. Rad1 Nxd4 25. Nxd4 Qd7 26. Nf3 Rac8 27. Qd3 Rcd8 28. Rde1 g6 29. Qd4 b6 30. h3 Qf5 31. Nh4 Qf7 32. Nf3 Qf5 33. Nh4 Qf7 34. Nf3 1/2-1/2

[Event "GER Cup final"]
[Site "Magdeburg"]
[Date "2020.08.21"]
[Round "3"]
[White "Keyser, Philipp"]
[Black "Neyman, Igor"]
[Result "1/2-1/2"]
[WhiteElo "1995"]
[BlackElo "2345"]
[PlyCount "145"]
[EventDate "2020.08.20"]
[EventType "swiss"]
[EventRounds "5"]
[EventCountry "GER"]
[SourceTitle "EXT 2022"]
[Source "ChessBase"]
[SourceDate "2021.10.06"]
[SourceVersion "1"]
[SourceVersionDate "2021.10.06"]
[SourceQuality "1"]

1. e4 c5 2. Nf3 Nc6 3. d4 cxd4 4. Nxd4 e5 5. Nb5 d6 6. N1c3 a6 7. Na3 Be6 8. Nc4 Nf6 9. Bg5 Rb8 10. g3 Nd4 11. Ne3 Be7 12. Bxf6 Bxf6 13. h4 Qd7 14. Ncd5 Bd8 15. c3 Nc6 16. Bg2 0-0 17. 0-0 b5 18. Qd2 Bxd5 19. Nxd5 Be7 20. Rad1 Rfd8 21. Kh2 a5 22. Bh3 Qb7 23. h5 h6 24. f4 b4 25. Rf2 bxc3 26. bxc3 a4 27. Rdf1 Rf8 28. Qd1 Qa7 29. Nxe7+ Qxe7 30. f5 Qf6 31. Qxa4 Rb6 32. Rd1 Rc8 33. Qa3 Ne7 34. Rfd2 Rcc6 35. Rb2 Rxb2+ 36. Qxb2 Rc4 37. Qb8+ Nc8 38. Rd3 Kh7 39. Qa8 Rc5 40. Qb7 Kg8 41. Qd7 Rc4 42. Bg2 Kf8 43. a4 Qe7 44. Qb5 Qc7 45. Qb3 Qc6 46. a5 Rc5 47. Qb4 Rc4 48. Qb8 Ke7 49. Qb3 Rc5 50. Rd5 Rxc3 51. Qb5 Kd7 52. Bf1 Rc2+ 53. Kh3 Kc7 54. Qxc6+ Rxc6 55. Rb5 f6 56. Rb1 Na7 57. Kg2 Rc2+ 58. Kg1 Rc6 59. Rb4 Kc8 60. Bc4 Rc5 61. a6 Nc6 62. Be6+ Kd8 63. Rb7 Ra5 64. Rxg7 Rxa6 65. Rh7 Nd4 66. Bd5 Rb6 67. Rxh6 Rb2 68. Rxf6 Nf3+ 69. Kf1 Rd2 70. Rxd6+ Ke7 71. Re6+ Kd8 72. Rd6+ Ke7 73. Re6+ 1/2-1/2

[Event "Hamburg-chT Landesliga 1920"]
[Site "Hamburg"]
[Date "2019.10.20"]
[Round "2.8"]
[White "Keyser, Philipp"]
[Black "Goetz, Claus"]
[Result "1-0"]
[WhiteElo "1961"]
[BlackElo "1941"]
[PlyCount "65"]
[EventDate "2019.09.29"]
[EventType "team-tourn"]
[EventRounds "9"]
[EventCountry "GER"]
[SourceTitle "EXT 2021"]
[Source "ChessBase"]
[SourceDate "2020.10.23"]
[SourceVersion "1"]
[SourceVersionDate "2020.10.23"]
[SourceQuality "1"]

1. e4 c5 2. Nf3 Nc6 3. Bb5 d6 4. 0-0 Bd7 5. Re1 Nf6 6. c3 a6 7. Ba4 b5 8. Bc2 e5 9. d4 Be7 10. a4 0-0 11. Na3 Qb6 12. Be3 Bg4 13. d5 Nb8 14. Qe2 Bxf3 15. gxf3 bxa4 16. Bxa4 Qd8 17. Nc4 Nfd7 18. Na5 f5 19. Nc6 Nxc6 20. Bxc6 f4 21. Bc1 Rb8 22. Qxa6 Rf6 23. Rb1 Nf8 24. b4 Ng6 25. Kf1 Rb6 26. Qa8 Rb8 27. Qa7 cxb4 28. Rxb4 Rxb4 29. cxb4 Bf8 30. b5 Qc8 31. Qd7 Qb8 32. Qb7 Qd8 33. b6 1-0

[Event "Hamburg-chT Landesliga 1819"]
[Site "Hamburg"]
[Date "2019.04.13"]
[Round "8.2"]
[White "Keyser, Philipp"]
[Black "Kaye, Ferdinand"]
[Result "1-0"]
[WhiteElo "1954"]
[BlackElo "2083"]
[PlyCount "105"]
[EventDate "2018.10.21"]
[EventType "team-tourn"]
[EventRounds "9"]
[EventCountry "GER"]
[SourceTitle "EXT 2020"]
[Source "ChessBase"]
[SourceDate "2019.10.17"]
[SourceVersion "1"]
[SourceVersionDate "2019.10.17"]
[SourceQuality "1"]
[WhiteTeam "Johanneum Eppendorf II"]
[BlackTeam "Barmbek"]
[WhiteTeamCountry "GER"]
[BlackTeamCountry "GER"]

1. e4 g6 2. d4 Bg7 3. Nf3 d6 4. Bc4 Nf6 5. Qe2 0-0 6. 0-0 Bg4 7. Nbd2 Nc6 8. c3 e5 9. d5 Ne7 10. h3 Bd7 11. b4 Nh5 12. Nb3 Qe8 13. g4 Nf4 14. Bxf4 exf4 15. Nfd4 Kh8 16. Bd3 Be5 17. Rac1 Ng8 18. Na5 Qe7 19. Nf3 b6 20. Nc4 Bg7 21. Rfe1 Rae8 22. Qd2 Be5 23. Ncxe5 dxe5 24. Qe2 Nf6 25. Bb5 h5 26. Bxd7 Qxd7 27. Nh2 Kg7 28. f3 Rh8 29. Kg2 hxg4 30. hxg4 Rh7 31. Rg1 Reh8 32. Nf1 Ne8 33. Kf2 Nd6 34. c4 Qa4 35. Qb2 f6 36. g5 Nf7 37. gxf6+ Kxf6 38. c5 Qd7 39. Ke1 Qe7 40. cxb6 axb6 41. Rc6+ Nd6 42. Qg2 Kf7 43. Qxg6+ Kf8 44. Qg5 Qxg5 45. Rxg5 Re7 46. a4 Ke8 47. a5 bxa5 48. bxa5 Kd7 49. a6 Ra8 50. Nd2 Ra7 51. Nb3 Nf7 52. Rg8 Re8 53. Nc5+ 1-0

[Event "Oberliga Nord N 1718"]
[Site "Germany"]
[Date "2018.02.04"]
[Round "6.8"]
[White "Thanisch, Matthias"]
[Black "Keyser, Philipp"]
[Result "0-1"]
[WhiteElo "2023"]
[BlackElo "2048"]
[PlyCount "104"]
[EventDate "2017.10.08"]
[EventType "team-tourn"]
[EventRounds "9"]
[EventCountry "GER"]
[SourceTitle "EXT 2019"]
[Source "ChessBase"]
[SourceDate "2018.10.10"]
[SourceVersion "1"]
[SourceVersionDate "2018.10.10"]
[SourceQuality "1"]
[WhiteTeam "Bargteheide"]
[BlackTeam "Eppendorf Johanneum"]
[WhiteTeamCountry "GER"]
[BlackTeamCountry "GER"]

1. d4 Nf6 2. g3 e6 3. Nf3 d5 4. Bg2 Be7 5. 0-0 0-0 6. Nbd2 b6 7. c4 Nbd7 8. Qc2 Bb7 9. b3 c5 10. dxc5 bxc5 11. Rd1 Rc8 12. e3 Qc7 13. Bb2 Rfd8 14. h4 Qb8 15. cxd5 exd5 16. Qf5 Nf8 17. h5 Ne6 18. Rac1 d4 19. exd4 cxd4 20. Rxc8 Qxc8 21. Ne1 Bxg2 22. Nxg2 Rd5 23. Qf3 Qc2 24. Nc4 Rf5 25. Qa8+ Bf8 26. Rf1 Ng4 27. f3 Ne5 28. Nxe5 Rxe5 29. Ba3 Qxa2 30. Bxf8 Nxf8 31. Nf4 Qxb3 32. Qxa7 Qe3+ 33. Kg2 g5 34. hxg6 Nxg6 35. Nxg6 hxg6 36. Rf2 Kg7 37. Qa2 d3 38. Qb2 Kh7 39. Qa2 Re7 40. Qd2 Qd4 41. g4 Rc7 42. Qd1 Qe3 43. Qb3 Rd7 44. Qd1 d2 45. Rf1 Rd3 46. Rf2 Qe1 47. Rf1 Re3 48. Rh1+ Kg8 49. Kh3 Qxh1+ 50. Qxh1 Re1 51. Qh2 d1Q 52. Qb8+ Kh7 0-1

[Event "Hamburg HSK Christmas op 3rd"]
[Site "Hamburg"]
[Date "2017.12.29"]
[Round "5"]
[White "Keyser, Philipp"]
[Black "Schroeder, Christoph"]
[Result "1/2-1/2"]
[WhiteElo "1980"]
[BlackElo "2217"]
[PlyCount "38"]
[EventDate "2017.12.27"]
[EventType "swiss"]
[EventRounds "7"]
[EventCountry "GER"]
[SourceTitle "CBM 182 Extra"]
[Source "ChessBase"]
[SourceDate "2018.02.23"]
[SourceVersion "1"]
[SourceVersionDate "2018.02.23"]
[SourceQuality "1"]

1. e4 e6 2. d4 d5 3. Nd2 dxe4 4. Nxe4 Nd7 5. Nf3 Ngf6 6. Nxf6+ Nxf6 7. Bg5 c5 8. dxc5 Qa5+ 9. Qd2 Qxd2+ 10. Nxd2 Bxc5 11. Bxf6 gxf6 12. Ne4 Be7 13. Bb5+ Bd7 14. Bxd7+ Kxd7 15. 0-0-0+ Kc7 16. Rd3 Rad8 17. Rhd1 f5 18. Rxd8 Rxd8 19. Rxd8 Bxd8 1/2-1/2

[Event "Lueneburg op-A"]
[Site "Lueneburg"]
[Date "2017.07.16"]
[Round "9"]
[White "Meschke, Oliver"]
[Black "Keyser, Philipp"]
[Result "0-1"]
[WhiteElo "1952"]
[BlackElo "2036"]
[PlyCount "29"]
[EventDate "2017.07.08"]
[EventType "swiss"]
[EventRounds "9"]
[EventCountry "GER"]
[SourceTitle "CBM 179 Extra"]
[Source "ChessBase"]
[SourceDate "2017.08.23"]
[SourceVersion "1"]
[SourceVersionDate "2017.08.23"]
[SourceQuality "1"]

1. f4 d5 2. Nf3 g6 3. c4 d4 4. b4 Bg7 5. Bb2 Nh6 6. e3 c5 7. bxc5 Nc6 8. e4 0-0 9. g3 Qa5 10. Qb3 Qxc5 11. Ba3 Qh5 12. Bg2 d3 13. e5 f6 14. Qxd3 fxe5 15. Bb2 0-1

[Event "Lueneburg op-A"]
[Site "Lueneburg"]
[Date "2017.07.11"]
[Round "4"]
[White "Ditmas, Hugh"]
[Black "Keyser, Philipp"]
[Result "1-0"]
[WhiteElo "1955"]
[BlackElo "2036"]
[PlyCount "97"]
[EventDate "2017.07.08"]
[EventType "swiss"]
[EventRounds "9"]
[EventCountry "GER"]
[SourceTitle "CBM 179 Extra"]
[Source "ChessBase"]
[SourceDate "2017.08.23"]
[SourceVersion "1"]
[SourceVersionDate "2017.08.23"]
[SourceQuality "1"]

1. d4 Nf6 2. c4 e6 3. Nf3 b6 4. g3 Ba6 5. Qc2 c5 6. d5 exd5 7. cxd5 Bb7 8. Bg2 Nxd5 9. 0-0 Be7 10. Rd1 Nc6 11. a3 Nc7 12. e4 Ne6 13. Nc3 Ncd4 14. Nxd4 Nxd4 15. Qd3 0-0 16. Rb1 d6 17. Be3 Bf6 18. Bxd4 Bxd4 19. Ne2 Bf6 20. e5 Bxg2 21. exf6 Bb7 22. Qxd6 Qxf6 23. Qxf6 gxf6 24. Rd6 Rfe8 25. Nf4 Rad8 26. Rxf6 Rd2 27. b4 c4 28. Ng2 c3 29. Ne3 c2 30. Rc1 Rxe3 31. fxe3 Rd1+ 32. Rf1 Rd2 33. Rf2 Rd1+ 34. Rf1 Rxc1 35. Rxc1 Be4 36. Kf2 Kg7 37. Ke2 Kf6 38. Kd2 Ke5 39. Rf1 f5 40. Rf4 Kd5 41. Rh4 Kc4 42. Rxe4+ fxe4 43. Kxc2 h5 44. h3 b5 45. g4 hxg4 46. hxg4 Kd5 47. Kc3 Ke5 48. g5 a6 49. g6 1-0

[Event "Hamburg CC Easter op 3rd"]
[Site "Hamburg"]
[Date "2017.04.15"]
[Round "3"]
[White "Keyser, Philipp"]
[Black "Uksini, Bardhyl"]
[Result "0-1"]
[WhiteElo "1837"]
[BlackElo "2319"]
[PlyCount "70"]
[EventDate "2017.04.14"]
[EventType "swiss"]
[EventRounds "7"]
[EventCountry "GER"]
[SourceTitle "CBM 177 Extra"]
[Source "ChessBase"]
[SourceDate "2017.04.27"]
[SourceVersion "1"]
[SourceVersionDate "2017.04.27"]
[SourceQuality "1"]

1. e4 c5 2. Nf3 e6 3. d4 cxd4 4. Nxd4 Nc6 5. Nc3 Qc7 6. f4 a6 7. Nxc6 Qxc6 8. Bd3 b5 9. Qe2 Bb7 10. Bd2 Bc5 11. 0-0-0 Ne7 12. a3 Rc8 13. Kb1 0-0 14. Qh5 f6 15. g4 Qb6 16. Rhe1 Bf2 17. Re2 Rf7 18. Rf1 Bd4 19. Rfe1 Bc6 20. e5 g6 21. Qh4 fxe5 22. fxe5 Bf2 23. Qg5 Bxe1 24. Rxe1 a5 25. h4 b4 26. axb4 axb4 27. Ne4 Bxe4 28. Bxe4 b3 29. h5 bxc2+ 30. Bxc2 Rb8 31. b3 Qd4 32. hxg6 hxg6 33. Be3 Qc3 34. Bd2 Rxb3+ 35. Bxb3 Qxb3+ 0-1